Planning consultancy survey 2007 (Record no. 79598)
[ view plain ]
| 000 -LEADER | |
|---|---|
| fixed length control field | 00854cab a22002175a 4500 |
| 001 - CONTROL NUMBER | |
| control field | L141818 |
| 008 - FIXED-LENGTH DATA ELEMENTS--GENERAL INFORMATION | |
| fixed length control field | 071221e20071130xxkd f s 000 0 eng d |
| 035 ## - SYSTEM CONTROL NUMBER | |
| System control number | (Sirsi) u141818 |
| 041 0# - LANGUAGE CODE | |
| Language code of text/sound track or separate title | eng |
| 100 1# - MAIN ENTRY--PERSONAL NAME | |
| Personal name | Johnston, Bryan |
| 245 00 - TITLE STATEMENT | |
| Title | Planning consultancy survey 2007 |
| 260 ## - PUBLICATION, DISTRIBUTION, ETC. | |
| Date of publication, distribution, etc. | 2007 |
| 490 ## - SERIES STATEMENT | |
| Series statement | Planning |
| Volume/sequential designation | 30 November 2007, 15-39(14) |
| 520 ## - SUMMARY, ETC. | |
| Summary, etc. | Presents the results of a survey of property developers and planning firms. Reports on market growth and value. Presents a league table of employers of chartered town planners and the fastest growing planning teams. Also lists the main planning teams in each UK region. Lists the planning teams specialising in various areas. |
| 590 ## - LOCAL NOTE (RLIN) | |
| Local note | KA |
| 651 #4 - SUBJECT ADDED ENTRY--GEOGRAPHIC NAME | |
| Geographic name | United Kingdom |
| Chronological subdivision | |
| 690 ## - LOCAL SUBJECT ADDED ENTRY--TOPICAL TERM (OCLC, RLIN) | |
| Topical term or geographic name as entry element | Planning and development |
| 9 (RLIN) | 6259 |
| 700 1# - ADDED ENTRY--PERSONAL NAME | |
| Personal name | Carnell, Paul |
| 700 1# - ADDED ENTRY--PERSONAL NAME | |
| Personal name | Shiel, Vicki |
| 942 ## - ADDED ENTRY ELEMENTS (KOHA) | |
| Suppress in OPAC | 0 |
| Withdrawn status | Lost status | Source of classification or shelving scheme | Damaged status | Not for loan | Home library | Current library | Shelving location | Date acquired | Total Checkouts | Full call number | Barcode | Date last seen | Copy number | Price effective from | Koha item type |
|---|---|---|---|---|---|---|---|---|---|---|---|---|---|---|---|
| Dewey Decimal Classification | London | London | Journal article | 21/12/2007 | L141818 | 141818-1001 | 06/08/2019 | 1 | 06/08/2019 | Journal article |